000
00273nam a2200097Ia 4500
008
240331s9999 xx 000 0 und d
082
_b
KUR
100
_a
Kurian, R
245
4
_a
The exploitation of Women on the plantation :
_b
Tamil women workers on tea plantations
942
_c
L
999
_c
2651
_d
2651